| 000 | 00734nam a2200217Ia 4500 | ||
|---|---|---|---|
| 999 |
_c28912 _d28912 |
||
| 003 | OSt | ||
| 005 | 20240530101938.0 | ||
| 008 | 140319s1991 ua 000 0 ara d | ||
| 017 |
_a1991/7751 _bمصر. دار الكتب |
||
| 040 |
_aGCL / _cGCL |
||
| 082 | 0 | 4 |
_a240/ _bم ا _221 |
| 100 | 0 | _aمحمد نعيم ياسين | |
| 245 | 1 | 0 |
_aالايمان : _b اركانه، حقيقته، نواقضه / _cتاليف محمد نعيم ياسين |
| 260 |
_aالقاهرة : _bالدار السلفية لنشر العلم، _c1986. |
||
| 300 |
_a218 ص. ؛ _c24 سم. |
||
| 650 | 0 | 7 |
_aالفقه الاسلامى _2qrmak |
| 650 | 0 | 7 |
_aالعبادات _2qrmak |
| 650 | 0 | 7 |
_aالايمان _2qrmak |
| 651 | _2qrmak | ||
| 942 |
_2ddc _cBK |
||